000 02592nam0a2200373 i 4500
001 RU\NLR\BIBL_A\011406803
005 20260419063604.0
010 _a9785790101700
021 _aRU
_b2017-38218
_92795
035 _a(RuMoRGB)008893928
035 _a(NLR Aleph) 011406803
090 _a11536532
_c11536532
100 _a20170615d2017 um y0rusy50 ca
101 0 _arus
102 _aRU
105 _aa|||j|||000zy
200 1 _aСборник ситуационных задач для подготовки к итоговой государственной аттестации по специальности "Лечебное дело"
_eучебное пособие
_fМинистерство здравоохранения Российской Федерации, Федеральное государственное бюджетное образовательное учреждение высшего образования "Российский национальный исследовательский медицинский университет имени Н. И. Пирогова" (ФГБОУ ВО РНИМУ им. Н. И. Пирогова Минздрава России)
_g[составители: Резник Е. В. и др.
_gредакторы: Никитин И.Г. и др.]
210 _aМосква
_cИзд-во РАМН
_d2017
215 _a199 с., [4] л. ил., цв. ил.
_cил.
_d20
606 _aВнутренние болезни
_jУчебные издания для высших учебных заведений
_9953637
_3RU\NLR\AUTH\6636104
606 1 _aФтизиатрия
_jУчебные издания для высших учебных заведений
_9976112
_3RU\NLR\AUTH\6648032
606 _aИнфекционные болезни
_jУчебные издания для высших учебных заведений
_9907599
_3RU\NLR\AUTH\6611173
686 _aР35я73-4
_2rubbk
686 1 _aР41я73
686 1 _aР54я73
686 1 _aР514я73
702 1 _aРезник
_bЕ. В.
_gЕлена Владимировна
_4220
702 1 _4340
_7ca
_8rus
_aНикитин
_bИ. Г.
_cд-р мед. наук, гепатология
_f1964-
_gИгорь Геннадиевич
_9175462
_3RU\NLR\AUTH\770175513
712 0 2 _4570
_aРоссийский национальный исследовательский медицинский университет им. Н. И. Пирогова
_9308754
_3RU\NLR\AUTH\8810210784
942 _cBOOK
980 _aNBR